The language of medicine (Record no. 83511)

MARC details
000 -LEADER
fixed length control field 00850 a2200277 4500
003 - CONTROL NUMBER IDENTIFIER
control field CBULib
005 - DATE AND TIME OF LATEST TRANSACTION
control field 20231207101856.0
008 - FIXED-LENGTH DATA ELEMENTS--GENERAL INFORMATION
fixed length control field 231207b |||||||| |||| 00| 0 eng d
020 ## - INTERNATIONAL STANDARD BOOK NUMBER
International Standard Book Number 9780323551472
040 ## - CATALOGING SOURCE
Language of cataloging English
Transcribing agency CBULib
Description conventions rda
041 ## - LANGUAGE CODE
Language code of text/sound track or separate title eng
050 ## - LIBRARY OF CONGRESS CALL NUMBER
Classification number R 123 Cha
100 1# - MAIN ENTRY--PERSONAL NAME
Personal name Chabner, Davi-Ellen
9 (RLIN) 1317
245 ## - TITLE STATEMENT
Title The language of medicine
Statement of responsibility, etc / by Davi-Ellen Chabner
250 ## - EDITION STATEMENT
Edition statement Twelfth edition.
260 ## - PUBLICATION, DISTRIBUTION, ETC. (IMPRINT)
Name of publisher, distributor, etc Elsevier,
Date of publication, distribution, etc 2021.
Place of publication, distribution, etc St Louis :
300 ## - PHYSICAL DESCRIPTION
Extent xxii, 1050 pages : colour illustrations
336 ## - CONTENT TYPE
Source rdacontent
Content type term Text |
Content type code txt
337 ## - MEDIA TYPE
Source rdamedia
Media type term Unmediated |
Media type code n
338 ## - CARRIER TYPE
Source rdacarrier
Carrier type term Volume
Carrier type code nc
504 ## - BIBLIOGRAPHY, ETC. NOTE
Bibliography, etc Includes dictionary, glossary, appendix and an index
650 #0 - SUBJECT ADDED ENTRY--TOPICAL TERM
9 (RLIN) 1318
Topical term or geographic name as entry element DICTIONARIES
650 #0 - SUBJECT ADDED ENTRY--TOPICAL TERM
9 (RLIN) 1311
Topical term or geographic name as entry element MEDICINE TERMINOLOGY
650 #0 - SUBJECT ADDED ENTRY--TOPICAL TERM
9 (RLIN) 1319
Topical term or geographic name as entry element PROBLEMS AND EXERCISES
942 ## - ADDED ENTRY ELEMENTS (KOHA)
Source of classification or shelving scheme
Koha item type MONOGRAPH
Holdings
Withdrawn status Lost status Source of classification or shelving scheme Damaged status Not for loan Collection code Permanent Location Current Location Shelving location Date acquired Source of acquisition Cost, normal purchase price Full call number Barcode Date last seen Copy number Price effective from Koha item type Total Checkouts
          Michael Chilufya Sata Collection CBU-MICHAEL CHILUFYA SATA LIBRARY CBU-MAIN LIBRARY, KITWE. General Stacks 12/07/2023 Book Aid International 96.29 R 123 Cha 905366 12/07/2023 1 12/07/2023 MONOGRAPH  
          Medical Library Collection CBU-SCHOOL OF MEDICINE LIBRARY, NDOLA. CBU-MAIN LIBRARY, KITWE. General Stacks 12/07/2023 Book Aid International 96.29 R 123 Cha 905379 12/07/2023 2 12/07/2023 MONOGRAPH  
          Michael Chilufya Sata Collection CBU-MICHAEL CHILUFYA SATA LIBRARY CBU-MAIN LIBRARY, KITWE. General Stacks 12/19/2023 Book Aid International 96.29 R 123 Cha 905588 12/19/2023 3 12/19/2023 MONOGRAPH  
          Medical Library Collection CBU-SCHOOL OF MEDICINE LIBRARY, NDOLA. CBU-MAIN LIBRARY, KITWE. General Stacks 12/19/2023 Book Aid International 96.29 R 123 Cha 905589 12/19/2023 4 12/19/2023 MONOGRAPH